00423nam a2200133Ia 4500999001700000082001200017100001600029245007500045250002500120260000900145300001000154942001200164952011300176 c18893d18893 aTS.0872 aSoni, Jyoti 0aRajnandgaon riyasat me mazdoor andolan: Ek atihasik anusilan 1919-1947 aPt. Ravi Shankar Shu c1996 a252p. cBK2ddc 00104070aNASSDOCbNASSDOCd2004-10-08i2004-10-05l0oTS.0872p36699r2024-03-28 00:00:00w2019-04-18yBK